| 000 | 00756nam a22002177a 4500 | ||
|---|---|---|---|
| 999 |
_c10880 _d10880 |
||
| 003 | AR-CdUCM | ||
| 008 | 190402b ||||| |||| 00| 0 spa d | ||
| 040 |
_aMUNICIPALIDAD PROVINCIAL DEL CUSCO _cBIBLIOTECA MUNICIPAL DEL CUSCO |
||
| 082 |
_a869.333 / _bM678D / 1957 |
||
| 100 |
_aMistral, Gabriela _913947 |
||
| 245 |
_aDesolación : _bpoesía - prosa, prosa escolar, cuentos / |
||
| 260 |
_aBuenos Aires : _bOrtiz, _c1945. |
||
| 300 |
_a190 paginas ; _c18 cm. |
||
| 500 | _aDonación de la familia Nieto. Libro dañado y sin tapa. | ||
| 505 | _aContenido: Vida -- La escuela -- Infantiles -- Dolor ... | ||
| 650 |
_aPoesía chilena _95520 |
||
| 650 |
_aSiglo XX _98 |
||
| 650 |
_aPoesía latinoamericana _92147 |
||
| 942 |
_2ddc _cLIBROS |
||
| 945 | _acmm | ||